Ground penetrating radar : (Record no. 22829)
[ view plain ]
| 000 -LEADER | |
|---|---|
| fixed length control field | 01091cam a22002655a 4500 |
| 001 - CONTROL NUMBER | |
| control field | ocn696621146 |
| 003 - CONTROL NUMBER IDENTIFIER | |
| control field | OSt |
| 005 - DATE AND TIME OF LATEST TRANSACTION | |
| control field | 20161024134149.0 |
| 008 - FIXED-LENGTH DATA ELEMENTS--GENERAL INFORMATION | |
| fixed length control field | 110113s2009 ne a frb 001 0 eng d |
| 020 ## - INTERNATIONAL STANDARD BOOK NUMBER | |
| International Standard Book Number | 9780444533487 |
| 040 ## - CATALOGING SOURCE | |
| Original cataloging agency | KNOVL |
| Language of cataloging | eng |
| Description conventions | pn |
| Transcribing agency | KNOVL |
| Modifying agency | CEF |
| -- | OCLCQ |
| -- | DEBSZ |
| -- | OCLCQ |
| -- | YDXCP |
| -- | N$T |
| -- | CDX |
| -- | IDEBK |
| -- | DEBBG |
| -- | OPELS |
| -- | EEM |
| -- | MERUC |
| -- | EBLCP |
| -- | UV0 |
| -- | E7B |
| -- | OCLCQ |
| -- | KNOVL |
| -- | ZCU |
| -- | KNOVL |
| -- | OCLCF |
| -- | OCLCQ |
| -- | KNOVL |
| -- | EG-ScBUE |
| 082 04 - DEWEY DECIMAL CLASSIFICATION NUMBER | |
| Classification number | 621.3848 |
| Edition number | 22 |
| Item number | GRO |
| 245 00 - TITLE STATEMENT | |
| Title | Ground penetrating radar : |
| Remainder of title | theory and applications / |
| Statement of responsibility, etc | edited by Harry M. Jol. |
| 250 ## - EDITION STATEMENT | |
| Edition statement | 1st ed. |
| 260 ## - PUBLICATION, DISTRIBUTION, ETC. (IMPRINT) | |
| Place of publication, distribution, etc | Amsterdam ; |
| -- | Oxford : |
| Name of publisher, distributor, etc | Elsevier Science, |
| Date of publication, distribution, etc | 2009. |
| 300 ## - PHYSICAL DESCRIPTION | |
| Extent | xviii, 524 p. : |
| Other physical details | ill. ; |
| Dimensions | 24 cm. |
| 500 ## - GENERAL NOTE | |
| General note | Index : p. 509-524. |
| 504 ## - BIBLIOGRAPHY, ETC. NOTE | |
| Bibliography, etc | Includes bibliographical reference. |
| 650 #7 - SUBJECT ADDED ENTRY--TOPICAL TERM | |
| Topical term or geographic name as entry element | Ground penetrating radar. |
| Source of heading or term | BUEsh |
| 9 (RLIN) | 36954 |
| 651 ## - SUBJECT ADDED ENTRY--GEOGRAPHIC NAME | |
| Source of heading or term | BUEsh |
| 653 ## - INDEX TERM--UNCONTROLLED | |
| Resource For college | Engineering, Architecture |
| Arrived date list | October2016 |
| 700 1# - ADDED ENTRY--PERSONAL NAME | |
| Personal name | Jol, H. M. |
| Fuller form of name | (Harry M.) |
| Relator term | editor. |
| 776 08 - ADDITIONAL PHYSICAL FORM ENTRY | |
| Display text | Print version: |
| Title | Ground penetrating radar. |
| Edition | 1st ed. |
| Place, publisher, and date of publication | Amsterdam, Netherlands ; Boston : Elsevier Science, ©2009 |
| International Standard Book Number | 9780444533487 |
| Record control number | (OCoLC)244421044 |
| 942 ## - ADDED ENTRY ELEMENTS (KOHA) | |
| Source of classification or shelving scheme | Dewey Decimal Classification |
| Withdrawn status | Item status | Source of classification or shelving scheme | Damaged status | Not for loan | Vendor | Home library | Current library | Shelving location | Date acquired | Source of acquisition | Cost, normal purchase price | Total Checkouts | Full call number | Barcode | Date last seen | Koha item type |
|---|---|---|---|---|---|---|---|---|---|---|---|---|---|---|---|---|
| Dewey Decimal Classification | Baccah | Central Library | Central Library | First floor | 24/10/2016 | Purchase | 2200.00 | 621.3848 GRO | 000034505 | 15/07/2025 | NB - Book (Non borrowing) | |||||
| Dewey Decimal Classification | Baccah | Central Library | Central Library | First floor | 24/10/2016 | Purchase | 2200.00 | 621.3848 GRO | 000034504 | 15/07/2025 | Book - Borrowing | |||||
| Dewey Decimal Classification | Baccah | Central Library | Central Library | First floor | 24/10/2016 | Purchase | 621.3848 GRO | 000034508 | 15/07/2025 | Book - Borrowing |